[Event "Chess24 Banter QualE 2020"]
[Site "chess24.com INT"]
[Date "2020.09.10"]
[Round "1.4"]
[Board "4"]
[White "Sanal, Vahap"]
[Black "Swiercz, Dariusz"]
[Result "1-0"]
[WhiteTitle "GM"]
[BlackTitle "GM"]
[WhiteElo "2581"]
[BlackElo "2649"]
[WhiteFideId "6300545"]
[BlackFideId "1126881"]
[EventDate "2020.09.10"]

1. e4 c5 2. Nc3 Nc6 3. Bb5 Nd4 4. Nf3 a6 5. Bd3 g6 6. Nxd4 cxd4 7. Ne2 Bg7 8. c3
dxc3 9. bxc3 d6 10. O-O Nf6 11. a4 O-O 12. a5 Bd7 13. Bc2 Bc6 14. d3 Rc8 15. Be3
Nd7 16. Nd4 d5 17. exd5 Bxd5 18. c4 Bc6 19. Qd2 Qc7 20. Rab1 Rfd8 21. Rfe1 Qd6
22. Nxc6 bxc6 23. Bf4 Qc5 24. Rb7 Ne5 25. Qe2 Nd7 26. Qxe7 Qxe7 27. Rxe7 Nc5 28.
Ra7 Nxd3 29. Rxf7 Bd4 30. c5 Nxf4 31. Rxf4 Bxc5 32. Rb7 Rf8 33. Bb3+ Kh8 34.
Rxf8+ Rxf8 35. Bf7 Kg7 36. Bc4+ Kh6 37. Bf7 Bxf2+ 38. Kh1 Bd4 39. g3 Bc3 40. h4
Bxa5 41. Kg2 g5 42. hxg5+ Kxg5 43. Bc4 h5 44. Bxa6 Be1 45. Rg7+ Kh6 46. Re7 Bc3
47. Bd3 Bf6 48. Rh7+ Kg5 49. Be2 Rh8 50. Rc7 Re8 51. Bf3 Re6 52. Rh7 Bd4 53.
Rxh5+ Kf6 54. g4 Be3 55. Rf5+ Kg6 56. Kg3 c5 57. Rf8 c4 58. Bd5 Rf6 59. Rg8+ Kh7
60. Rc8 Bf4+ 61. Kg2 Be5 62. Be4+ Kg7 63. Rxc4 Rf4 64. Kh3 Kf6 65. Rc6+ Ke7 66.
Bf5 Bf6 67. Rc7+ Kd6 68. Rd7+ Ke5 69. Rb7 Rf3+ 70. Kg2 Ra3 71. Rb6 Bg5 72. Re6+
Kd5 73. Re2 Bf4 74. Be4+ Kd6 75. Bf3 Rd3 76. Re8 Rd2+ 77. Kf1 Bg3 78. Rd8+ Ke5
79. Rxd2 1-0

[Event "Chess24 Banter QualE 2020"]
[Site "chess24.com INT"]
[Date "2020.09.10"]
[Round "1.5"]
[Board "4"]
[White "Swiercz, Dariusz"]
[Black "Sanal, Vahap"]
[Result "1-0"]
[WhiteTitle "GM"]
[BlackTitle "GM"]
[WhiteElo "2649"]
[BlackElo "2581"]
[WhiteFideId "1126881"]
[BlackFideId "6300545"]
[EventDate "2020.09.10"]

1. Nf3 Nf6 2. b3 g6 3. Bb2 Bg7 4. g3 O-O 5. Bg2 c5 6. c4 d6 7. d4 Qa5+ 8. Bc3
Qc7 9. O-O Ne4 10. Bb2 Nc6 11. e3 Bg4 12. h3 Bxf3 13. Bxf3 f5 14. Nc3 Nxc3 15.
Bxc3 Qb6 16. dxc5 Qxc5 17. Bxg7 Kxg7 18. Qe2 a5 19. Rad1 a4 20. Rd5 Qb6 21. Rb5
Qc7 22. bxa4 Ra7 23. Rfb1 Rb8 24. Bxc6 Qxc6 25. R1b4 Rba8 26. Qd1 Kf7 27. h4 h5
28. Qb3 Kf8 29. Rb6 Qf3 30. c5 Rc8 31. Rf4 Qe2 32. Qe6 Rxc5 33. Qxg6 Qd1+ 34.
Kh2 Qe2 35. Rb5 Rxb5 36. axb5 Qxb5 37. Rxf5+ 1-0

[Event "Chess24 Banter QualE 2020"]
[Site "chess24.com INT"]
[Date "2020.09.10"]
[Round "1.6"]
[Board "4"]
[White "Sanal, Vahap"]
[Black "Swiercz, Dariusz"]
[Result "0-1"]
[WhiteTitle "GM"]
[BlackTitle "GM"]
[WhiteElo "2581"]
[BlackElo "2649"]
[WhiteFideId "6300545"]
[BlackFideId "1126881"]
[EventDate "2020.09.10"]

1. Nf3 d5 2. g3 g6 3. Bg2 Bg7 4. O-O e5 5. c4 dxc4 6. Qa4+ c6 7. Qxc4 Nh6 8. d3
O-O 9. Bxh6 Bxh6 10. Nxe5 Bg7 11. d4 Be6 12. Qc3 Nd7 13. Nxd7 Qxd7 14. e3 Rac8
15. Qa3 c5 16. d5 Bg4 17. Nc3 b5 18. Qa6 b4 19. Ne4 Bxb2 20. Rac1 c4 21. Rc2 Bg7
22. Nf6+ Bxf6 23. Qxf6 c3 24. f3 Qf5 25. Qxf5 Bxf5 26. e4 Bd7 0-1

[Event "Chess24 Banter QualE 2020"]
[Site "chess24.com INT"]
[Date "2020.09.11"]
[Round "2.1"]
[Board "1"]
[White "Sethuraman, S.P."]
[Black "Tang, Andrew"]
[Result "0-1"]
[WhiteTitle "GM"]
[BlackTitle "GM"]
[WhiteElo "2644"]
[BlackElo "2538"]
[WhiteFideId "5021596"]
[BlackFideId "2059630"]
[EventDate "2020.09.10"]

1. e4 e5 2. Nf3 Nc6 3. Bc4 Bc5 4. Bb5 Nf6 5. d3 d6 6. c3 O-O 7. O-O a6 8. Ba4
Ba7 9. h3 Ne7 10. Bc2 Ng6 11. d4 Re8 12. Re1 b5 13. Nbd2 Bb7 14. b3 b4 15. Bb2
bxc3 16. Bxc3 Qe7 17. Nc4 Rad8 18. Na5 Ba8 19. d5 Nf4 20. b4 Bb6 21. Nc4 Ba7 22.
Na5 N6h5 23. Bd2 Bb6 24. Nc4 Bb7 25. Nxb6 cxb6 26. Be3 b5 27. Kh2 Bc8 28. a4 Rf8
29. axb5 axb5 30. g4 Nf6 31. Bxf4 exf4 32. Nd4 Qe5 33. Nc6 Qg5 34. Nxd8 Bxg4 35.
f3 Bxh3 36. Rg1 Qh4 37. Qe1 Qh5 38. Rg5 Qxg5 39. Kxh3 Qh5+ 40. Kg2 Rxd8 41. Bd3
g5 42. Qh1 Qg6 43. Rd1 Qg7 44. Bxb5 Rb8 45. Rc1 g4 46. Kf2 h5 47. Bd3 Qg5 48.
Ke2 Rxb4 49. Rc8+ Kg7 50. Qc1 gxf3+ 51. Kxf3 Qg3+ 52. Ke2 Qg2+ 53. Ke1 Qg1+ 54.
Ke2 Rb2+ 0-1

[Event "Chess24 Banter QualE 2020"]
[Site "chess24.com INT"]
[Date "2020.09.11"]
[Round "2.2"]
[Board "1"]
[White "Tang, Andrew"]
[Black "Sethuraman, S.P."]
[Result "1-0"]
[WhiteTitle "GM"]
[BlackTitle "GM"]
[WhiteElo "2538"]
[BlackElo "2644"]
[WhiteFideId "2059630"]
[BlackFideId "5021596"]
[EventDate "2020.09.10"]

1. d4 d5 2. Bf4 Nf6 3. e3 c5 4. Nc3 cxd4 5. exd4 a6 6. Nf3 Nc6 7. Ne5 Bd7 8. g3
e6 9. Bg2 Nxe5 10. dxe5 Ng8 11. Be3 Ne7 12. O-O Nf5 13. Bf4 Bc5 14. Qd2 O-O 15.
h4 Bc6 16. Kh2 Rc8 17. a3 Qb6 18. Rab1 Rfd8 19. h5 h6 20. Kh3 Ne7 21. b4 Bd4 22.
Nd1 Ba4 23. Rc1 Qa7 24. c3 Bb6 25. Nb2 Bb5 26. Nd3 d4 27. c4 Bxc4 28. g4 Nd5 29.
Be4 Bxd3 30. Bxd3 Rxc1 31. Rxc1 Qb8 32. Re1 Qc7 33. Bxh6 gxh6 34. Qxh6 Qc3 35.
Rd1 Rd7 36. Kg2 1-0

[Event "Chess24 Banter QualE 2020"]
[Site "chess24.com INT"]
[Date "2020.09.11"]
[Round "2.3"]
[Board "1"]
[White "Sethuraman, S.P."]
[Black "Tang, Andrew"]
[Result "0-1"]
[WhiteTitle "GM"]
[BlackTitle "GM"]
[WhiteElo "2644"]
[BlackElo "2538"]
[WhiteFideId "5021596"]
[BlackFideId "2059630"]
[EventDate "2020.09.10"]

1. e4 e5 2. Nf3 Nc6 3. Bb5 g6 4. c3 a6 5. Ba4 Bg7 6. d4 exd4 7. cxd4 b5 8. Bb3
Na5 9. a4 Bb7 10. O-O Ne7 11. Bc2 O-O 12. Nc3 b4 13. Ne2 d6 14. b3 c5 15. Rb1 d5
16. dxc5 dxe4 17. Ng5 Qc7 18. Bxe4 Qxc5 19. Be3 Qe5 20. Bxb7 Nxb7 21. Qd7 Nc5
22. Qh3 h6 23. Nf3 Qd6 24. Rfd1 Qb6 25. Bxh6 Ne6 26. Be3 Qb7 27. Nf4 Nxf4 28.
Bxf4 Nd5 29. Ng5 Rfd8 30. Bd2 Nc3 31. Bxc3 bxc3 32. Re1 Qd5 33. Qh7+ Kf8 34. Ne4
c2 35. Rbc1 Rac8 36. h3 Qxb3 37. Ng5 Rd1 0-1

[Event "Chess24 Banter QualE 2020"]
[Site "chess24.com INT"]
[Date "2020.09.11"]
[Round "2.4"]
[Board "1"]
[White "Tang, Andrew"]
[Black "Sethuraman, S.P."]
[Result "0-1"]
[WhiteTitle "GM"]
[BlackTitle "GM"]
[WhiteElo "2538"]
[BlackElo "2644"]
[WhiteFideId "2059630"]
[BlackFideId "5021596"]
[EventDate "2020.09.10"]

1. d4 d5 2. Bf4 Nf6 3. e3 c5 4. dxc5 Nc6 5. Bb5 e6 6. b4 Bd7 7. c3 a5 8. Qb3
axb4 9. cxb4 Ne4 10. Nc3 Qf6 11. Nge2 g5 12. Bg3 h5 13. Rd1 Nxc3 14. Nxc3 h4 15.
Bc7 Rc8 16. Bb6 Bg7 17. Ne2 h3 18. gxh3 Rxh3 19. Ng3 Ne5 20. Bxd7+ Nxd7 21. Qa4
Qf3 22. O-O Ke7 23. Rfe1 Rch8 24. Bc7 Rxh2 25. Nf5+ exf5 26. Bxh2 Be5 27. Rxd5
Bxh2+ 28. Kf1 Qxd5 29. Rd1 Qc6 30. Qc2 Qe6 31. Qd3 Be5 32. Rd2 f4 33. Qe4 fxe3
34. fxe3 Qc6 35. Qf5 Rd8 36. Qxg5+ Qf6+ 37. Qxf6+ Nxf6 38. Rc2 Nd5 39. Ke2 Nxb4
40. Rc4 Nxa2 41. c6 bxc6 42. Rxc6 Nc3+ 43. Kf3 Nd5 44. Ra6 f6 45. Ke4 Nc3+ 46.
Kf5 Rd1 47. Ra7+ Kd6 48. Ra6+ Kc5 49. Ra5+ Kc4 50. Ra8 Rf1+ 51. Ke6 Kd3 0-1

[Event "Chess24 Banter QualE 2020"]
[Site "chess24.com INT"]
[Date "2020.09.11"]
[Round "2.5"]
[Board "1"]
[White "Sethuraman, S.P."]
[Black "Tang, Andrew"]
[Result "0-1"]
[WhiteTitle "GM"]
[BlackTitle "GM"]
[WhiteElo "2644"]
[BlackElo "2538"]
[WhiteFideId "5021596"]
[BlackFideId "2059630"]
[EventDate "2020.09.10"]

1. e4 e5 2. Nf3 Nc6 3. Bb5 a6 4. Ba4 Nf6 5. O-O Be7 6. d3 b5 7. Bb3 d6 8. a3 O-O
9. Nc3 Na5 10. Ba2 Be6 11. Bxe6 fxe6 12. b4 Nc6 13. Bd2 d5 14. Re1 Qd6 15. Qe2
Nd7 16. Reb1 Rfb8 17. Qe1 Nb6 18. h3 d4 19. Ne2 Na4 20. Nh2 Nd8 21. Ng4 Nf7 22.
f4 exf4 23. e5 Qd7 24. Nxf4 c5 25. Qg3 Kh8 26. Nh5 Rg8 27. Rf1 Raf8 28. Rf2 Qe8
29. Nf4 Nd8 30. Raf1 Rf5 31. bxc5 Nxc5 32. Ne2 Rxf2 33. Rxf2 Nc6 34. Nh2 Rf8 35.
Nf3 Qd7 36. Qg4 Rf5 37. Nexd4 h5 38. Qg6 Nxd4 39. Ng5 Bxg5 40. Rxf5 Nxf5 41.
Bxg5 h4 42. c3 Nxd3 0-1

[Event "Chess24 Banter QualE 2020"]
[Site "chess24.com INT"]
[Date "2020.09.11"]
[Round "2.6"]
[Board "1"]
[White "Tang, Andrew"]
[Black "Sethuraman, S.P."]
[Result "1/2-1/2"]
[WhiteTitle "GM"]
[BlackTitle "GM"]
[WhiteElo "2538"]
[BlackElo "2644"]
[WhiteFideId "2059630"]
[BlackFideId "5021596"]
[EventDate "2020.09.10"]

1. d4 d5 2. Bf4 Nf6 3. e3 c5 4. Nf3 Nc6 5. Nbd2 Nh5 6. dxc5 Nxf4 7. exf4 Qa5 8.
c3 Qxc5 9. Bd3 g6 10. O-O Bg7 11. Re1 Kf8 12. Nb3 Qd6 13. Qd2 Bh6 14. g3 Bd7 15.
Nbd4 Nxd4 16. cxd4 f6 17. Rac1 Kf7 18. Kg2 Rac8 19. a3 Bg7 20. Rxc8 Rxc8 21. Rc1
Rxc1 22. Qxc1 e6 23. h4 Bf8 24. h5 Kg7 25. hxg6 hxg6 26. Qc2 Be8 27. Nh4 f5 28.
Nf3 Qc6 29. Qe2 Be7 30. Qd2 Bf6 31. Ne5 Qc7 32. Qc2 Qxc2 33. Bxc2 g5 34. fxg5
Bxg5 35. f4 Bd8 36. Kf3 Bb6 37. Ke3 Kf6 38. Bd1 Ke7 39. Be2 Kd6 40. b3 Ba5 41.
b4 Bd8 42. Bd3 a5 43. Be2 axb4 44. axb4 Kc7 45. g4 fxg4 46. Bxg4 Kd6 47. f5 exf5
48. Bxf5 Bf6 49. Nd3 b6 50. Nf4 Bf7 51. Bd3 Bg5 52. Kf3 Bf6 53. Ke3 Be8 54. Be2
Bc6 55. Bd3 Bg5 56. Be2 Bd7 57. Bd3 Bg4 58. Bc2 Bh6 59. Bd3 Ke7 60. Bc2 Kf6 61.
Bb3 Kf5 62. Bc2+ Kf6 63. Bb3 Kf5 64. Bc2+ Kf6 1/2-1/2

[Event "Chess24 Banter QualE 2020"]
[Site "chess24.com INT"]
[Date "2020.09.11"]
[Round "2.1"]
[Board "2"]
[White "Bluebaum, Matthias"]
[Black "Swiercz, Dariusz"]
[Result "1-0"]
[WhiteTitle "GM"]
[BlackTitle "GM"]
[WhiteElo "2660"]
[BlackElo "2649"]
[WhiteFideId "24651516"]
[BlackFideId "1126881"]
[EventDate "2020.09.10"]

1. d4 Nf6 2. c4 e6 3. Nc3 Bb4 4. e3 O-O 5. Bd2 c5 6. a3 Bxc3 7. Bxc3 Ne4 8. Ne2
b6 9. d5 Ba6 10. Qd3 exd5 11. Qxd5 Qe7 12. g3 Nc6 13. Bg2 Rae8 14. O-O Nxc3 15.
Nxc3 Na5 16. Nb5 Bb7 17. Qd3 Bxg2 18. Kxg2 Qe4+ 19. Qxe4 Rxe4 20. Nd6 Re6 21.
Rad1 Rd8 22. b4 cxb4 23. axb4 Nc6 24. b5 Na5 25. e4 g6 26. f4 Rf8 27. Rf3 f6 28.
Rd5 Kg7 29. g4 Re7 30. h4 Rb8 31. g5 Nb7 32. gxf6+ Kxf6 33. e5+ Ke6 34. f5+ gxf5
35. Nxf5 Rg8+ 36. Kh3 Rf7 37. Nd4+ Ke7 38. Rxf7+ Kxf7 39. Rxd7+ 1-0

[Event "Chess24 Banter QualE 2020"]
[Site "chess24.com INT"]
[Date "2020.09.11"]
[Round "2.2"]
[Board "2"]
[White "Swiercz, Dariusz"]
[Black "Bluebaum, Matthias"]
[Result "0-1"]
[WhiteTitle "GM"]
[BlackTitle "GM"]
[WhiteElo "2649"]
[BlackElo "2660"]
[WhiteFideId "1126881"]
[BlackFideId "24651516"]
[EventDate "2020.09.10"]

1. d4 Nf6 2. c4 e6 3. g3 d5 4. Bg2 dxc4 5. Nf3 Bb4+ 6. Bd2 a5 7. a3 Bd6 8. Qa4+
Nc6 9. Qxc4 O-O 10. Bc3 Qe7 11. Ne5 Bxe5 12. dxe5 Nd5 13. O-O Rd8 14. Rd1 Bd7
15. Nd2 Be8 16. Ne4 a4 17. Rac1 h6 18. h4 Na5 19. Bxa5 Rxa5 20. Nc5 Nb6 21. Rxd8
Nxc4 22. Nxb7 Nxe5 23. Rxe8+ Qxe8 24. Nxa5 Qb5 25. Nc6 Qxb2 26. Rd1 Nxc6 27.
Bxc6 Qxa3 28. Be4 f5 29. Bd3 Qb3 30. Rb1 Qc3 31. Rb8+ Kf7 32. Ra8 a3 33. Ra6 c5
34. Ra4 Kf6 35. h5 Qb2 36. Bc4 Qc2 0-1

[Event "Chess24 Banter QualE 2020"]
[Site "chess24.com INT"]
[Date "2020.09.11"]
[Round "2.3"]
[Board "2"]
[White "Bluebaum, Matthias"]
[Black "Swiercz, Dariusz"]
[Result "1/2-1/2"]
[WhiteTitle "GM"]
[BlackTitle "GM"]
[WhiteElo "2660"]
[BlackElo "2649"]
[WhiteFideId "24651516"]
[BlackFideId "1126881"]
[EventDate "2020.09.10"]

1. d4 Nf6 2. Nf3 d5 3. Bf4 e6 4. e3 Bd6 5. Ne5 O-O 6. Nd2 b6 7. c3 Bb7 8. Bd3 c5
9. h4 Nc6 10. h5 Qc7 11. Nxc6 Bxf4 12. exf4 Bxc6 13. Qf3 Rac8 14. h6 g6 15. O-O
Rfd8 16. Rac1 Qe7 17. Rfe1 Qf8 18. Qh3 Nh5 19. g3 Qxh6 20. Be2 Bd7 21. Qh4 Kg7
22. Bxh5 Qxh5 23. Qxh5 gxh5 24. Nf3 f6 25. Kg2 Rc6 26. Re3 Be8 27. Rce1 Bg6 28.
Nh4 cxd4 29. cxd4 Kf7 30. f5 Bxf5 31. Nxf5 exf5 32. Re7+ Kg6 33. Rxa7 f4 34.
gxf4 Kf5 35. Rxh7 Kxf4 36. Rxh5 Rg8+ 37. Kf1 Rg5 38. Rxg5 fxg5 39. Re5 Rc2 40.
Rxd5 Rxb2 41. a4 g4 42. Rb5 Rxb5 43. axb5 Ke4 44. Kg2 Kxd4 45. Kg3 Kc5 46. Kxg4
Kxb5 47. f4 Kc6 48. Kf5 b5 49. Ke4 Kd6 50. Kd4 Ke6 51. Kc5 Kf5 52. Kxb5 Kxf4 1/2-1/2

[Event "Chess24 Banter QualE 2020"]
[Site "chess24.com INT"]
[Date "2020.09.11"]
[Round "2.4"]
[Board "2"]
[White "Swiercz, Dariusz"]
[Black "Bluebaum, Matthias"]
[Result "1/2-1/2"]
[WhiteTitle "GM"]
[BlackTitle "GM"]
[WhiteElo "2649"]
[BlackElo "2660"]
[WhiteFideId "1126881"]
[BlackFideId "24651516"]
[EventDate "2020.09.10"]

1. d4 d5 2. c4 c6 3. Nf3 Nf6 4. Qb3 dxc4 5. Qxc4 Bf5 6. g3 e6 7. Bg2 Nbd7 8. O-O
Be7 9. Qb3 Qb6 10. Nbd2 O-O 11. Nc4 Qa6 12. Bf4 Be4 13. Bd6 Bxd6 14. Nxd6 Bd5
15. Qc2 Bxf3 16. Bxf3 Rad8 17. Nc4 Nb6 18. Nxb6 axb6 19. e3 Qa5 20. Qc3 Ra8 21.
Rfc1 h6 22. a4 Qf5 23. Kg2 Rfe8 24. b4 e5 25. dxe5 Qxe5 26. Qxe5 Rxe5 27. b5
cxb5 28. axb5 Rxa1 29. Rxa1 Rxb5 30. Ra8+ Kh7 31. Rf8 Kg6 32. Rb8 Nd7 33. Rxb7
Ne5 34. Bd1 Rb2 35. Rc7 Nd3 36. Rc3 Nxf2 37. Bc2+ Ne4 38. Kf3 f5 39. Rc6+ Nf6
40. g4 Kg5 41. gxf5 b5 42. Rc7 Nh5 43. Rc6 Nf6 44. Rc7 Nh5 45. Rc6 Nf6 1/2-1/2

[Event "Chess24 Banter QualE 2020"]
[Site "chess24.com INT"]
[Date "2020.09.11"]
[Round "2.5"]
[Board "2"]
[White "Bluebaum, Matthias"]
[Black "Swiercz, Dariusz"]
[Result "0-1"]
[WhiteTitle "GM"]
[BlackTitle "GM"]
[WhiteElo "2660"]
[BlackElo "2649"]
[WhiteFideId "24651516"]
[BlackFideId "1126881"]
[EventDate "2020.09.10"]

1. d4 Nf6 2. c4 e6 3. g3 c5 4. d5 exd5 5. cxd5 d6 6. Nc3 g6 7. Bg2 Bg7 8. Nf3
O-O 9. O-O a6 10. a4 Nbd7 11. Bf4 Qe7 12. Re1 Rb8 13. e4 Ng4 14. a5 b5 15. axb6
Rxb6 16. Qc2 Nde5 17. Nxe5 Nxe5 18. b3 Bg4 19. Re3 Rfb8 20. h3 Bc8 21. Rb1 g5
22. Bxe5 Bxe5 23. Na4 Rb4 24. Nb2 Bd4 25. Rf3 a5 26. Re1 Ba6 27. Bf1 Bxf1 28.
Kxf1 Bxb2 29. Qxb2 a4 30. e5 Rxb3 31. Rxb3 axb3 32. Kg2 c4 33. Qd2 h6 34. e6 b2
35. Qc2 fxe6 36. Rxe6 Qxe6 37. dxe6 b1=Q 38. Qxc4 Qb7+ 39. Kh2 Qe7 40. Qe4 Rf8
41. Qg6+ Qg7 42. Qc2 Qf6 43. Kg2 Qxe6 0-1

[Event "Chess24 Banter QualE 2020"]
[Site "chess24.com INT"]
[Date "2020.09.11"]
[Round "2.6"]
[Board "2"]
[White "Swiercz, Dariusz"]
[Black "Bluebaum, Matthias"]
[Result "0-1"]
[WhiteTitle "GM"]
[BlackTitle "GM"]
[WhiteElo "2649"]
[BlackElo "2660"]
[WhiteFideId "1126881"]
[BlackFideId "24651516"]
[EventDate "2020.09.10"]

1. d4 Nf6 2. c4 e6 3. Nf3 d5 4. Nc3 Bb4 5. e3 O-O 6. Bd3 b6 7. O-O Ba6 8. cxd5
exd5 9. Bxa6 Nxa6 10. Bd2 Re8 11. Rc1 Bf8 12. Ne2 c5 13. dxc5 bxc5 14. Ng3 Ne4
15. Bc3 Nxg3 16. hxg3 c4 17. b3 cxb3 18. Qxb3 Nc5 19. Qc2 Ne4 20. Qd3 Rc8 21.
Rfd1 Ba3 22. Bf6 Nxf6 23. Qxa3 Qb6 24. Nd4 h6 25. Nf5 Rxc1 26. Rxc1 Qe6 27. Nd4
Qb6 28. Qc5 Qb2 29. Qc2 Qb6 30. Qc6 Qb2 31. a4 Rf8 32. Qc2 Qb4 33. Nc6 Qg4 34.
Nd4 Rb8 35. Qf5 Qxf5 36. Nxf5 g6 37. Nd4 Rb4 38. a5 Rc4 39. Rb1 Ne4 40. f3 Nxg3
41. Rb7 h5 42. Rxa7 h4 43. Kh2 Nf1+ 44. Kh3 Nxe3 45. Nb5 Nf5 46. Rc7 Ra4 47. Nc3
Rxa5 48. Rd7 Ne3 49. Kxh4 Nxg2+ 50. Kg5 d4+ 51. Kh6 Rh5# 0-1

[Event "Chess24 Banter QualE 2020"]
[Site "chess24.com INT"]
[Date "2020.09.11"]
[Round "2.7"]
[Board "2"]
[White "Bluebaum, Matthias"]
[Black "Swiercz, Dariusz"]
[Result "0-1"]
[WhiteTitle "GM"]
[BlackTitle "GM"]
[WhiteElo "2660"]
[BlackElo "2649"]
[WhiteFideId "24651516"]
[BlackFideId "1126881"]
[EventDate "2020.09.10"]

1. d4 Nf6 2. c4 e6 3. Nc3 Bb4 4. e3 O-O 5. Bd2 c5 6. a3 Bxc3 7. Bxc3 Ne4 8. Ne2
b6 9. d5 Ba6 10. Qd3 exd5 11. Qxd5 Qe7 12. g3 Nc6 13. Bg2 Nxc3 14. Nxc3 Na5 15.
Qd1 Bxc4 16. Nd5 Qe5 17. b4 Nb3 18. Rb1 Nd4 19. Nf4 Rae8 20. bxc5 bxc5 21. Rc1
d5 22. Rxc4 dxc4 23. O-O Ne6 24. Nd5 Nc7 25. Nxc7 Qxc7 26. Qa4 c3 27. Rc1 Qe5
28. Qxa7 Rb8 29. Qa5 Rb3 30. a4 Rfb8 31. Bf1 g6 32. h4 Kg7 33. Rc2 Ra3 34. Rc1
Rb2 35. Bc4 Qf6 36. f4 c2 37. Qd2 Rb1 38. Qxc2 Rxc1+ 39. Qxc1 Ra1 0-1

[Event "Chess24 Banter QualE 2020"]
[Site "chess24.com INT"]
[Date "2020.09.11"]
[Round "2.8"]
[Board "2"]
[White "Swiercz, Dariusz"]
[Black "Bluebaum, Matthias"]
[Result "1/2-1/2"]
[WhiteTitle "GM"]
[BlackTitle "GM"]
[WhiteElo "2649"]
[BlackElo "2660"]
[WhiteFideId "1126881"]
[BlackFideId "24651516"]
[EventDate "2020.09.10"]

1. e4 e6 2. d3 d5 3. Nd2 Nf6 4. Ngf3 b6 5. c3 Be7 6. e5 Nfd7 7. d4 c5 8. Bd3 Ba6
9. Bxa6 Nxa6 10. O-O b5 11. Re1 O-O 12. Nf1 b4 13. Ng3 bxc3 14. bxc3 cxd4 15.
cxd4 Rc8 16. a3 Qc7 17. Bg5 Bxg5 18. Nxg5 h6 19. Nh3 Qc2 20. Qg4 Qg6 21. Qe2 Rc4
22. Nf4 Qg5 23. Nfh5 Rfc8 24. f4 Qh4 25. Kh1 g6 26. Nf6+ Nxf6 27. exf6 Qxf6 28.
Rab1 Nb8 29. Rb7 Nc6 30. Ne4 Qxf4 31. Ng3 Nxd4 32. Qd3 Rc1 33. Rb1 Rxe1+ 34.
Rxe1 Rc1 35. Rxc1 Qxc1+ 36. Nf1 Qc4 37. Qd1 Qe2 38. Qb1 Nf5 39. Kg1 d4 40. h3 d3
41. Qb4 Ne3 42. Qb8+ Kh7 43. Nxe3 Qxe3+ 44. Kh2 d2 45. Qd6 g5 46. Qd7 Qe5+ 47.
Kg1 Qe1+ 48. Kh2 Qe5+ 49. Kg1 Qe1+ 50. Kh2 Qe5+ 1/2-1/2

[Event "Chess24 Banter QualE 2020"]
[Site "chess24.com INT"]
[Date "2020.09.12"]
[Round "3.1"]
[Board "1"]
[White "Bluebaum, Matthias"]
[Black "Tang, Andrew"]
[Result "0-1"]
[WhiteTitle "GM"]
[BlackTitle "GM"]
[WhiteElo "2660"]
[BlackElo "2538"]
[WhiteFideId "24651516"]
[BlackFideId "2059630"]
[EventDate "2020.09.10"]

1. d4 d5 2. c4 e6 3. Nc3 Nf6 4. cxd5 exd5 5. Bg5 Be7 6. e3 c6 7. Bd3 Nbd7 8. h3
O-O 9. Bf4 Re8 10. Nf3 Nf8 11. Qc2 Bd6 12. Bxd6 Qxd6 13. O-O-O Ng6 14. Kb1 b6
15. g4 Be6 16. Bxg6 hxg6 17. Ne5 c5 18. f4 cxd4 19. Rxd4 Rac8 20. Rhd1 Qe7 21.
Qg2 Rc5 22. g5 Ne4 23. Nxd5 Bxd5 24. Rxd5 Rxd5 25. Rxd5 Nc5 26. Qd2 Qe6 27. h4
Kh7 28. a3 Rc8 29. Rd6 Ne4 30. Qc2 Nxd6 0-1

[Event "Chess24 Banter QualE 2020"]
[Site "chess24.com INT"]
[Date "2020.09.12"]
[Round "3.2"]
[Board "1"]
[White "Tang, Andrew"]
[Black "Bluebaum, Matthias"]
[Result "1-0"]
[WhiteTitle "GM"]
[BlackTitle "GM"]
[WhiteElo "2538"]
[BlackElo "2660"]
[WhiteFideId "2059630"]
[BlackFideId "24651516"]
[EventDate "2020.09.10"]

1. d4 d5 2. Bf4 c5 3. e3 Nc6 4. Nf3 cxd4 5. exd4 Bg4 6. Nbd2 e6 7. c3 Bd6 8.
Bxd6 Qxd6 9. Be2 Nge7 10. O-O O-O 11. Re1 f6 12. h3 Bh5 13. b4 Rae8 14. b5 Nd8
15. c4 dxc4 16. Nxc4 Qb8 17. Qb3 Nd5 18. Ne3 Nf4 19. Bd1 Kh8 20. Nd2 Bf7 21. Qa3
b6 22. Bf3 Nb7 23. Ndc4 Rd8 24. Rad1 Bg6 25. h4 Be8 26. Qb4 Nd6 27. g3 Ng6 28.
a4 Bf7 29. h5 Ne7 30. h6 gxh6 31. Nxd6 Qxd6 32. Qb2 h5 33. d5 e5 34. Nc4 Qc5 35.
Nxe5 Bxd5 36. Nd3 Qc7 37. Bxh5 Ng6 38. Rc1 Qb7 39. Nb4 Bh1 40. Nc6 Bxc6 41. bxc6
Qc7 42. Re6 Ne5 43. Qc2 Nd3 44. Rd1 Nc5 45. Rxd8 Qxd8 46. Re1 Qd6 47. Bf3 Rf7
48. Qf5 Kg7 49. Kg2 Re7 50. Rh1 Kg8 51. Qg4+ Kf8 52. Rd1 Qc7 53. Qf5 Kg7 54. Rd4
Ne6 55. Rd2 Ng5 56. Bd5 Re5 57. Qf4 Qe7 58. Qc4 Qc7 59. f4 Re3 60. Qd4 Qe7 61.
fxg5 Re2+ 62. Rxe2 Qxe2+ 63. Qf2 1-0

[Event "Chess24 Banter QualE 2020"]
[Site "chess24.com INT"]
[Date "2020.09.12"]
[Round "3.3"]
[Board "1"]
[White "Bluebaum, Matthias"]
[Black "Tang, Andrew"]
[Result "1-0"]
[WhiteTitle "GM"]
[BlackTitle "GM"]
[WhiteElo "2660"]
[BlackElo "2538"]
[WhiteFideId "24651516"]
[BlackFideId "2059630"]
[EventDate "2020.09.10"]

1. d4 d5 2. c4 e6 3. Nc3 Nf6 4. cxd5 exd5 5. Bg5 Be7 6. e3 c6 7. Bd3 Nbd7 8. h3
O-O 9. Bf4 Re8 10. Nf3 Nf8 11. Qc2 Ng6 12. Bg3 Bd6 13. Bxd6 Qxd6 14. O-O-O b5
15. Kb1 a5 16. Rc1 Bd7 17. g4 a4 18. g5 b4 19. Nxa4 Ne4 20. Nc5 Bf5 21. Nd2 Nxf2
22. Bxf5 Nxh1 23. Rxh1 Rxe3 24. Nd3 Rae8 25. Rc1 Ne7 26. Ne5 g6 27. Bg4 Ra8 28.
Nb3 Re4 29. Qf2 Rf8 30. Nc5 f5 31. gxf6 Rxf6 32. Nxe4 dxe4 33. Qe3 Nd5 34. Qxe4
Rf4 35. Qe2 Ne7 36. Nc4 Qf6 37. Qe6+ Kg7 38. Qxf6+ Kxf6 39. Ne5 h5 40. Bd1 Rxd4
41. Nxc6 Nxc6 42. Rxc6+ Ke5 43. Kc1 Rh4 44. Rxg6 Rxh3 45. Rg5+ 1-0

[Event "Chess24 Banter QualE 2020"]
[Site "chess24.com INT"]
[Date "2020.09.12"]
[Round "3.4"]
[Board "1"]
[White "Tang, Andrew"]
[Black "Bluebaum, Matthias"]
[Result "0-1"]
[WhiteTitle "GM"]
[BlackTitle "GM"]
[WhiteElo "2538"]
[BlackElo "2660"]
[WhiteFideId "2059630"]
[BlackFideId "24651516"]
[EventDate "2020.09.10"]

1. d4 d5 2. Bf4 c5 3. e3 Nc6 4. Nf3 cxd4 5. exd4 Bg4 6. c3 e6 7. Qb3 Bd6 8. Qxb7
Bxf4 9. Qxc6+ Kf8 10. Ne5 Bxe5 11. dxe5 Ne7 12. Qd6 Qxd6 13. exd6 Nc8 14. d7 Nb6
15. Bb5 Ke7 16. Nd2 e5 17. c4 dxc4 18. Nxc4 Nxc4 19. Bxc4 Bxd7 20. Kd2 Rhd8 21.
Ke3 Bc6 22. f3 f5 23. Rac1 f4+ 24. Ke2 a5 25. Bd3 Bd5 26. Rc5 a4 27. Rhc1 Rab8
28. R1c2 h6 29. Ra5 Rb4 30. a3 Rd4 31. Rc7+ Kf8 32. Raa7 Bb3 33. Bc2 Rd2+ 34.
Ke1 Rxc2 35. Rxc2 Bxc2 36. Ra5 Re8 37. Rc5 Bb3 38. g3 Kf7 39. Kf2 Kf6 40. Rc6+
Re6 41. Rc5 Rd6 42. gxf4 exf4 43. Kg2 Rd2+ 44. Kh3 Be6+ 45. Kh4 Rxh2# 0-1